Essential Scrum : a practical guide to the most popular agile process

Αποθηκεύτηκε σε:
Λεπτομέρειες βιβλιογραφικής εγγραφής
Κύριος συγγραφέας: Rubin, Kenneth S.
Μορφή: Βιβλίο
Γλώσσα:English
Δημοσίευση: Upper Saddle River, NJ : Addison-Wesley, 2013
Σειρά:The Addison-Wesley signature series
Θέματα:
Ετικέτες: Προσθήκη ετικέτας
Δεν υπάρχουν, Καταχωρήστε ετικέτα πρώτοι!

MARC

LEADER 00000nam a2200000 i 4500
001 1/67672
008 150224s2013 eng d
020 |a 978-0-13-704329-3 
035 |l 10121211 
040 |a GR-MY-UA  |b gre  |e aacr 
041 0 |a eng 
082 0 |a 005.1  |2 (23) 
100 1 |a Rubin, Kenneth S. 
245 1 0 |a Essential Scrum :  |b a practical guide to the most popular agile process /  |c Kenneth S. Rubin 
260 |a Upper Saddle River, NJ :   |b Addison-Wesley,   |c 2013 
300 |a xliii, 452 σ.;  |b εικ., σχέδια, πιν.;  |c 24 εκ. 
490 1 |a The Addison-Wesley signature series 
504 |a Βιβλιογραφία: σ. 423-426. Ευρετήριο 
650 0 0 |a Scrum (Computer software development) 
650 0 0 |a Agile software development. 
830 0 |a The Addison-Wesley signature series 
852 |a INST  |b SAMOS  |e 20150224  |h 005.1 RUB  |p 005300041780  |q 005300041780  |t BK  |y 0 
901 |a BIBL3-2015-1 
909 |a Σ  |b 189317 
922 |a 3ΕΛΗ  |b 201405  |c ΤΜΠΕΣ  |d ΔΙΑΔΡΟΜΕΣ 
970 |a ΚΟΣΙΕΡΗΣ  |b ΧΡΗΣΤΟΣ  |z 2015/02/24